| 000 -LEADER |
| fixed length control field |
00519cam a22001457a 4500 |
| 008 - FIXED-LENGTH DATA ELEMENTS--GENERAL INFORMATION |
| fixed length control field |
180718b1995 xxu||||| |||| 00| 0 eng d |
| 020 ## - INTERNATIONAL STANDARD BOOK NUMBER |
| International Standard Book Number |
9171063706 |
| 082 ## - DEWEY DECIMAL CLASSIFICATION NUMBER |
| Classification number |
T19x678 G352 |
| 245 ## - TITLE STATEMENT |
| Title |
Liberalised development in Tanzania: studies on accumulation processes and local institutions |
| Statement of responsibility, etc. |
edited by Peter Gibbon |
| 260 ## - PUBLICATION, DISTRIBUTION, ETC. |
| Place of publication, distribution, etc. |
Sweden |
| Name of publisher, distributor, etc. |
Nordiska Afrikainstitute |
| Date of publication, distribution, etc. |
1995 |
| 300 ## - PHYSICAL DESCRIPTION |
| Extent |
176p. |
| 650 ## - SUBJECT ADDED ENTRY--TOPICAL TERM |
| Topical term or geographic name entry element |
Industry and state - Tanzania |
| 650 ## - SUBJECT ADDED ENTRY--TOPICAL TERM |
| Topical term or geographic name entry element |
Tanzania - Economic policy (structural adjustment) |
| 700 ## - ADDED ENTRY--PERSONAL NAME |
| Personal name |
Gibbon, Peter |